Matematika krok za krokom na EU

Enregistré dans:
Détails bibliographiques
Auteur principal: Peller, František
Collectivité auteur: Ekonomická univerzita v Bratislave
Autres auteurs: Šáner, Viliam, Eliáš, Jozef, Pinda, Ľudovít, 1958-
Format: Livre
Langue:slovaque
Publié: Bratislava Vydavateľstvo EKONÓM 2006
Sujets:
Tags: Ajouter un tag
Pas de tags, Soyez le premier à ajouter un tag!

MARC

LEADER 00000nam$a2200000$$$4500
001 0050141
005 20240502071558.1
020 |a 80-225-2148-5 
041 0 |a slo 
044 |a SK 
245 1 0 |a Matematika  |b krok za krokom na EU 
264 1 |a Bratislava  |b Vydavateľstvo EKONÓM  |c 2006 
300 |a 336 s. 
610 2 0 |a matematika 
100 1 |a Peller, František 
700 1 |a Šáner, Viliam 
700 1 |a Eliáš, Jozef 
700 1 |a Pinda, Ľudovít, 1958- 
710 2 |a Ekonomická univerzita v Bratislave